000 00620nam a2200205Ii 4500
001 10203
003 CO-ViMGA
008 241108s9999||||xx |||||||||||||| ||und||
040 _aCO-ViMGA
_bspa
_erda
_cCO-ViMGA
041 0 _aunk
082 0 4 _a291.63-S344
100 1 _aEdouard Schuré
_954229
245 1 0 _aLos profetas del renacimiento
264 1 _a[Lugar de publicación no identificado] : Talleres Gráficas Mundial, 1945
300 _avolumen
336 _atext
_btxt
_2rdacontent
337 _aunmediated
_bn
_2rdamedia
338 _avolume
_bnc
_2rdacarrier
940 _aidficha_siabuc: 9974. -- ficha_no_siabuc:10203
999 _c51106
_d51106